| 000 | 00526nam a22001577a 4500 | ||
|---|---|---|---|
| 003 | OSt | ||
| 005 | 20200214151904.0 | ||
| 008 | 200214b xxu||||| |||| 00| 0 eng d | ||
| 040 | _cmacl | ||
| 100 |
_aमणि दिनेश _978211 |
||
| 245 | _aसुदूर संवेदन | ||
| 260 |
_aदिल्ली _bऐरो पब्लिशेर्स एंड डिस्ट्रीबूतोर्स _c2012 |
||
| 600 |
_aदिनेश मणि _936766 |
||
| 650 |
_aतकनीक _978212 |
||
| 942 |
_2ddc _cHIN |
||
| 999 |
_c62079 _d62079 |
||